Διατεταγμένοι γραμμικοί χώροι και martingales : πτυχιακή εργασία
Το αντικείμενο τις εργασίας αναφέρεται σε κάποιες έννοιες και αποτελέσματα της θεωρίας των μερικά διατεταγμένων χώρων. Ουσιαστικά αποδεικνύουμαι τα θεμελιώδη θεωρήματα αποτίμησης αξιογράφων στην πεπερασμένη και άπειρη διάσταση....
Αποθηκεύτηκε σε:
| Κύριος συγγραφέας: | |
|---|---|
| Συγγραφή απο Οργανισμό/Αρχή: | |
| Μορφή: | Thesis Βιβλίο |
| Γλώσσα: | Greek |
| Δημοσίευση: |
2015.
|
| Θέματα: | |
| Διαθέσιμο Online: | http://hdl.handle.net/11610/8144 |
| Ετικέτες: |
Προσθήκη ετικέτας
Δεν υπάρχουν, Καταχωρήστε ετικέτα πρώτοι!
|
MARC
| LEADER | 00000cam a2200000 a 4500 | ||
|---|---|---|---|
| 001 | 1/110262 | ||
| 008 | 160309s2015####gr | ||| |||| ||gre|| | ||
| 040 | |a GR-MyUa |b gre |c GR-MyUa |e AACR2 | ||
| 041 | 0 | |a gre | |
| 082 | 7 | |a 515.73 |2 (23) | |
| 100 | 1 | |a Φούντα Κωνσταντίνα Κ. | |
| 245 | 1 | 0 | |a Διατεταγμένοι γραμμικοί χώροι και martingales : |b πτυχιακή εργασία / |c Κωνσταντίνα Κ. Φούντα ; επιβλέπων καθηγητής Χρήστος Κουντζάκης. |
| 260 | |c 2015. | ||
| 300 | |a 26 σ. ; |c 30 εκ. | ||
| 502 | |a Πτυχιακή εργασία - Πανεπιστήμιο Αιγαίου, Σάμος, 2015. | ||
| 504 | |a Βιβλιογραφία: σ. 25-26. | ||
| 506 | 0 | |a Διάθεση πλήρους κειμένου - Ελεύθερη πρόσβαση. | |
| 520 | 8 | |a Το αντικείμενο τις εργασίας αναφέρεται σε κάποιες έννοιες και αποτελέσματα της θεωρίας των μερικά διατεταγμένων χώρων. Ουσιαστικά αποδεικνύουμαι τα θεμελιώδη θεωρήματα αποτίμησης αξιογράφων στην πεπερασμένη και άπειρη διάσταση. | |
| 540 | |a Κλειδωμένη η δυνατότητα αντιγραφής κειμένου. | ||
| 650 | 0 | |a Linear topological spaces. | |
| 650 | 0 | |a Martingales (Mathematics) | |
| 650 | 0 | |a Dissertations, Academic |z Greece. | |
| 700 | 1 | |a Κουντζάκης, Χρήστος, |e dgs | |
| 710 | 2 | |a Πανεπιστήμιο Αιγαίου. |b Σχολή Θετικών Επιστημών. |b Τμήμα Στατιστικής και Αναλογιστικών-Χρηματοοικονομικών Μαθηματικών. | |
| 852 | |a INST |b SAMOS |c DIATR |e 20160309 |h 515.73 ΦΟΥ |p 005300043381 |q 005300043380 |t DIE |y 23 | ||
| 852 | |a INST |b SAMOS |c DIATR |e 20160309 |h 515.73 ΦΟΥ |p 005300043382 |q 005300043382 |t DIE |y 23 | ||
| 856 | |u http://hdl.handle.net/11610/8144 | ||
| 924 | |a Φούντα |b Κωνσταντίνα |y Σάμος |z 2015-02 | ||
| 970 | |a Κοσιέρης |b Χρήστος |z 09-03-2016 | ||